| 000 | 01028nas a2200373 4500 | ||
|---|---|---|---|
| 001 | BR0304096 | ||
| 003 | BR-BrBNA | ||
| 005 | 20231205104000.0 | ||
| 007 | ta | ||
| 008 | 230509b bl.|||p| |||| 00| 00por d | ||
| 040 |
_aBR-BrBNA _bpor _cBiblioteca Nacional de Agricultura |
||
| 041 | _a(Pt) | ||
| 072 | _aL70 | ||
| 100 | 1 | _aFreitas, R.R. de | |
| 100 | 1 | _aStopiglia, A.J. | |
| 100 | 1 | _aFantoni, D.T. | |
| 100 | 1 | _aSimões, E.A. | |
| 100 | 1 | _aLarsson, M.H.M.A. | |
| 100 | 1 | _aJatene, F.B. | |
| 100 | 1 | _aBarbusci, L.O.D. | |
| 100 | 1 | _aAneli, E. | |
| 100 | 1 | _aIrino, E.T. | |
| 245 | 1 | _aImplantação de marcapasso em cão; relato de caso | |
| 650 | _aCÃO | ||
| 650 | _aTRANSPLANTE | ||
| 650 | _aCORAÇÃO | ||
| 650 | _aELETROCARDIOGRAMA | ||
| 650 | _aRADIOGRAFIA | ||
| 650 | _aDIAGNÓSTICO | ||
| 650 | _aVETERINÁRIA | ||
| 773 | 0 |
_tRevista de Educação Continuada (Brazil) _xISSN 1516-3326 _g(2002), v. 5(2) p. 164-170 _wBR0304096 |
|
| 909 |
_a202311 _bLúcia _c55 _dLúcia Elande |
||
| 942 |
_2AGRIS _n0 _cANA |
||
| 999 |
_c175787 _d175787 |
||